| 000 | 00000nam##2200000za#4500 |
| 001 | 9.700103 |
| 003 | CaOODSP |
| 005 | 20210625000702 |
| 007 | cr ||||||||||| |
| 008 | 150407|2014||||xxc|||||o f|0| 0 eng|d |
| 020 | |a978-1-100-25311-4 |
| 040 | |aCaOODSP|beng |
| 043 | |an-cn--- |
| 086 | 1 |aFR5-91/2014E-PDF |
| 110 | 1 |aCanada.|bForeign Affairs, Trade and Development Canada. |
| 245 | 10|aMaya and Thomas in Haiti and the magic feather |h[electronic resource] |
| 260 | |aOttawa - Ontario : |bForeign Affairs, Trade and Development Canada |cc2014. |
| 300 | |a20p.|bcoloured illus., graphs |
| 590 | |a15-05|b2015-01-30 |
| 690 | 07|aDisaster relief|2gcpds |
| 775 | 08|tMaya et Thomas en Haïti et la plume magique |w(CaOODSP)9.644015 |
| 776 | 0#|tMaya and Thomas in Haiti and the magic feather |w(CaOODSP)9.630229 |
| 856 | 40|ahttp://publications.gc.ca|qPDF|s4656 KB|uhttps://publications.gc.ca/collections/collection_2015/maecd-dfatd/FR5-91-2014-eng.pdf |